| 000 | 00525cam a2200145 4500500 | ||
|---|---|---|---|
| 005 | 20260208002358.0 | ||
| 041 | _afre | ||
| 042 | _adc | ||
| 100 | 1 | 0 |
_avan Woerkens, Martine _eauthor |
| 245 | 0 | 0 | _aPaola Bacchetta, Gender in the Hindu Nation : RSS Women as Ideologues. Delhi, Feminist Fine Print, 2004, 144 p. |
| 260 | _c2006. | ||
| 500 | _a72 | ||
| 786 | 0 | _nL'Homme | 179 | 3 | 2006-07-01 | p. 237s-302s | 0439-4216 | |
| 856 | 4 | 1 | _uhttps://shs.cairn.info/revue-l-homme-2006-3-page-237s?lang=fr&redirect-ssocas=7080 |
| 999 |
_c1646053 _d1646053 |
||